| 000 | 00602nam a2200181Ia 4500 | ||
|---|---|---|---|
| 008 | 090123s9999 xx 000 0 und d | ||
| 082 |
_b36583 _a891.463/सप्रे |
||
| 100 | _aसप्रे मधुवंती | ||
| 245 | _aस्त्री जातक | ||
| 250 | _a1 | ||
| 260 |
_bश्री शब्दरत्न प्रकाशन _c2004 |
||
| 300 | _a206 | ||
| 600 | _aसप्रे मधुवंती | ||
| 630 | _aस्त्री जातक | ||
| 700 | _aसप्रे मधुवंती | ||
| 730 | _aस्त्री जातक | ||
| 942 | _cBOOK | ||
| 999 |
_c74651 _d74651 |
||